| 000 | 01414nam a2200373 c 4500 | ||
|---|---|---|---|
| 001 | 59155 | ||
| 003 | CO-BoRNBP | ||
| 005 | 20250912204740.0 | ||
| 007 | ta | ||
| 008 | 250912s2009 ck a jr 000 j spa d | ||
| 020 | _a9789583004490 | ||
| 040 |
_aCO-BoRNBP _bspa _erda _cCO-BoRNBP |
||
| 041 | 1 |
_aspa _heng |
|
| 043 | _ae-uk-en | ||
| 084 | _a808.899283 C525 | ||
| 100 |
_aChesterton, Gilbert Keith _eautor _963336 |
||
| 245 | 1 | 3 |
_aEl poeta y los lunáticos / _cG.K Chesterton ; ilustrado por Karol Guerrero. |
| 250 | _aPrimera edición | ||
| 264 | 1 |
_aBogotá, Colombia : _bPanamericana Editorial, _c1998 |
|
| 300 |
_a291 páginas : _bilustraciones a color |
||
| 336 |
_atexto _btxt _2rdacontent |
||
| 337 |
_asin mediación _bn _2rdamedia |
||
| 338 |
_avolumen _bnc _2rdacarrier |
||
| 490 | 0 |
_aCajón de cuentos _aSerie mayor |
|
| 505 | 1 |
_tLos amigos fantásticos _tEl pájaro amarillo _tLa sombra del tiburón _tEl crimen de Gabriel Gale _tEl dedo de piedra _tLa casa del pavo real _tLa joya escarlata _tEl asilo de la aventura |
|
| 521 | 1 | _aRecomendado para un público mayor de 12 años | |
| 534 | _tThe poet and the lunatics | ||
| 650 | 0 | 7 |
_aAnimales en la literatura _2LEMB _9853 |
| 650 | 0 | 7 |
_aMuerte en la literatura _2lemb _91050 |
| 650 | 0 | 4 |
_aCuentos ingleses _ySiglo XX _2LEMB _962799 |
| 650 | 0 | 4 |
_aLiteratura inglesa _ySiglo XX _2LEMB _92623 |
| 700 |
_aGuerrero, Karol _eill _963337 |
||
| 942 |
_2loc _cBKLIT |
||
| 999 |
_c59155 _d59155 |
||